|
|
|
|
| LEADER |
00000nam a2200000 a 4500 |
| 001 |
vtls001092697 |
| 003 |
SK-MaSNL |
| 005 |
20260301222231.0 |
| 008 |
250414s1983 CS 0 hun |
| 015 |
|
|
|a SNBA1983/11
|
| 035 |
|
|
|a SNK000035539
|
| 040 |
|
|
|a SNK
|b slo
|c SNK
|e AACR2
|
| 041 |
0 |
|
|a hun
|
| 044 |
|
|
|a [CS]
|
| 080 |
|
|
|a 572.1/.4=945.11
|2 1981
|
| 100 |
1 |
|
|a Kleibl, Josef,
|d 1931-
|4 aut
|9 102983
|
| 245 |
1 |
0 |
|a Ádám nyomában
|c Josef Kleibl ; József Oláh, Zdeněk Burian, Jindřich Hegr, René Murat, Ilona Karádi
|
| 250 |
|
|
|a 2., bővített magyar nyelvű kiad.
|
| 260 |
|
|
|a Bratislava
|b Madách
|c 1983
|e Košice
|f Východoslovenské tlačiarne
|
| 300 |
|
|
|a 240 s., 31,49 AH
|b Fot. Mp.
|c 26 cm
|
| 366 |
|
|
|e 1500 výtl.
|
| 500 |
|
|
|a Ilustr. na front. a predsádkach. 41100 výtl. pre Móra Ferenc Ifjúsági Könyvkiadó Pre čitateľov od 12 rokov. Súbež. tiráž slov.
|
| 700 |
1 |
|
|a Oláh, József
|4 trl
|9 406156
|
| 700 |
1 |
|
|a Burian, Zdeněk,
|d 1905-1981
|4 bkd
|9 87333
|
| 700 |
1 |
|
|a Hegr, Jindřich
|4 bkd
|9 611551
|
| 700 |
1 |
|
|a Murat, René,
|d 1923-1993
|4 bkd
|9 244908
|
| 700 |
1 |
|
|a Karádi, Ilona
|4 oth
|9 296436
|
| 852 |
|
|
|a Slovenská národná knižnica
|
| 958 |
|
|
|a CZ
|
| 958 |
|
|
|a DB
|
| 958 |
|
|
|a TL
|
| 958 |
|
|
|a OP
|
| 958 |
|
|
|a HU
|
| 958 |
|
|
|a OND
|
| 999 |
|
|
|c 939145
|d 941075
|
| 952 |
|
|
|t P60, <04>, [BOOK], {604}
|a SNK
|b SNK
|y VYP
|7 0
|p 17A0139722
|o snkSC 59675 D1
|0 0
|1 0
|4 0
|d 1998-05-13
|l 0
|r 2004-12-31 00:00:00
|w 2026-02-24
|
| 952 |
|
|
|a SNK
|b SNK
|y PREZ
|7 0
|p 17A0900686
|o snkSC 59675
|0 0
|1 0
|4 0
|d 2012-08-06
|l 0
|r 2025-06-09 00:00:00
|w 2026-02-24
|